000 00749nam a2200229 i 4500
001 bg
245 7 0 _aIntegrowane metody zwalczania szkodników i chorób w uprawach pod osłonami /
_c[zesp. aut. Elżbieta Cichocka et al.].
260 _aWarszawa :
_bWydaw. SGGW,
_c1994.
300 _a[56] k. tabl. luź. :
_bfot. kolor., rys. ;
_c24 cm.
650 9 _aRośliny
_xochrona
_xmetody
650 9 _aOwady szkodliwe
_xzwalczanie
_xmetody
650 9 _aZwierzęta synantropijne
_xzwalczanie
_xmetody
655 _aPodręczniki akademickie
700 1 _aCICHOCKA, Elżbieta.
020 _a830028544
040 _cBPK
041 0 _apl
080 _a632.9(075.8)
920 _a83-00-2854-4
942 _cKS
008 s pl f |000 0 pol
999 _c25075
_d25075
856 _uhttp://koha.tu.koszalin.pl/cgi-bin/koha/opac-detail.pl?biblionumber=25075
_yKatalog online BPK